Property market enters 2006 on a high (Record no. 76522)
[ view plain ]
| 000 -LEADER | |
|---|---|
| fixed length control field | 01418cab a2200217 4500 |
| 001 - CONTROL NUMBER | |
| control field | ##L132603 |
| 008 - FIXED-LENGTH DATA ELEMENTS--GENERAL INFORMATION | |
| fixed length control field | 060222n2006 000 0 eng u |
| 035 ## - SYSTEM CONTROL NUMBER | |
| System control number | (Sirsi) u132603 |
| 041 0# - LANGUAGE CODE | |
| Language code of text/sound track or separate title | eng |
| 110 1# - MAIN ENTRY--CORPORATE NAME | |
| Corporate name or jurisdiction name as entry element | National Association of Estate Agents |
| 9 (RLIN) | 886 |
| 245 00 - TITLE STATEMENT | |
| Title | Property market enters 2006 on a high |
| 260 ## - PUBLICATION, DISTRIBUTION, ETC. | |
| Date of publication, distribution, etc. | 2006 |
| 490 #0 - SERIES STATEMENT | |
| Series statement | Estate Agent |
| Volume/sequential designation | January/February 2006, 6-7(2) |
| 520 ## - SUMMARY, ETC. | |
| Summary, etc. | Presents the results of the National Association of Estates Agents' (NAEA) December 2005 housing market survey. NAEA records that sales figures were healthy leading up to and over the Christmas period and were up on the same time the previous year. Buyer applicants dropped for the third month running from 342 to 302 per agent a fall of 11.7%. The average difference between asking price and sale price rose in December from 3.9% to 4.0%. First time buyers decreased in December with their market share dropping from 8.4% to 7.0%. Comments on the potential effects of SIPPs and HIPs on the market. Predicts the 2006 residential market to show small but steady increases of 2-5% and that average house prices will increase by up to 100% over the coming 10 to 15 years. Figures. |
| 590 ## - LOCAL NOTE (RLIN) | |
| Local note | IKA280206 |
| 650 24 - SUBJECT ADDED ENTRY--TOPICAL TERM | |
| Topical term or geographic name entry element | NAEA HOUSING MARKET SURVEY |
| 650 24 - SUBJECT ADDED ENTRY--TOPICAL TERM | |
| Topical term or geographic name entry element | SELF-INVESTED PERSONAL PENSIONS |
| 650 24 - SUBJECT ADDED ENTRY--TOPICAL TERM | |
| Topical term or geographic name entry element | HOME INFORMATION PACKS |
| 690 ## - LOCAL SUBJECT ADDED ENTRY--TOPICAL TERM (OCLC, RLIN) | |
| Topical term or geographic name as entry element | PROPERTY-RESIDENTIAL PROPERTY-RESIDENTIAL PROPERTY MARKET |
| 942 ## - ADDED ENTRY ELEMENTS (KOHA) | |
| Suppress in OPAC | 0 |
| Withdrawn status | Lost status | Source of classification or shelving scheme | Damaged status | Not for loan | Home library | Current library | Shelving location | Date acquired | Total Checkouts | Full call number | Barcode | Date last seen | Copy number | Price effective from | Koha item type |
|---|---|---|---|---|---|---|---|---|---|---|---|---|---|---|---|
| Dewey Decimal Classification | London | London | Journal article | 22/02/2006 | L132603 | 132603-1001 | 06/08/2019 | 1 | 06/08/2019 | Journal article |